00567nam a2200145 a 450000100100000000500170001000800410002704000250006810000220009324501100011526000460022530000380027150000490030950000630035800003594120200930074735.0111121s2001 dr ag 000 0 spa d aDO-SdBNPbspacBNPHU1 aBrens, Bienvenido10aNimbos de plata 30 composiciones y partituras del legado musical de Bienvenido Brens /cBienvenido Brens. aSanto Domingo :bEditora Corripio,c2001. a104 p. :bil., música ;c28 cm. aLa música es cultura y alma de los pueblos aIncluye datos biográficos del autor en la contracubierta